[Event "Six Nations Cup 26th"]
[Site "Knuellwald"]
[Date "2022.04.29"]
[Round "1.1"]
[White "Casadei, Marco"]
[Black "Harnandan, Sergio"]
[Result "1/2-1/2"]
[WhiteElo "1968"]
[BlackElo "1888"]
[PlyCount "92"]
[EventDate "2022.04.29"]
[EventType "team-tourn"]
[EventRounds "5"]
[EventCountry "GER"]
[WhiteTeam "Italy VI"]
[BlackTeam "Netherlands I"]
[WhiteTeamCountry "ITA"]
[BlackTeamCountry "NED"]

1. e4 c5 2. Nf3 Nc6 3. d4 cxd4 4. Nxd4 Nf6 5. Nc3 e5 6. Ndb5 d6 7. Bg5 a6 8.
Na3 b5 9. Nd5 Be7 10. Bxf6 gxf6 11. Bd3 Be6 12. c3 f5 13. Nxe7 Nxe7 14. exf5
Bxf5 15. Bxf5 Nxf5 16. Qf3 Ne7 17. Rd1 O-O 18. Qf6 Nc8 19. Qf5 Ne7 20. Qh5 f5
21. O-O Ra7 22. Rd3 Ng6 23. Rfd1 Nf4 24. Rg3+ Kh8 25. Qf3 Rf6 26. Nc2 Rh6 27.
Ne3 Qh4 28. Nf1 e4 29. Qe3 Rg7 30. Rxg7 Kxg7 31. Qg3+ Qxg3 32. Nxg3 Rf6 33. Kf1
Kf7 34. Rd4 Ke6 35. a4 Nd3 36. axb5 axb5 37. b3 Ke5 38. Ne2 d5 39. g3 Ra6 40.
Nf4 Ra1+ 41. Ke2 Nxf4+ 42. gxf4+ Kd6 43. c4 bxc4 44. bxc4 Ra2+ 45. Ke3 Ra3+ 46.
Ke2 Ra2+ 1/2-1/2

[Event "Six Nations Cup 26th"]
[Site "Knuellwald"]
[Date "2022.04.29"]
[Round "1.2"]
[White "De Jong, Lucas"]
[Black "Vrioni, Bersan"]
[Result "0-1"]
[WhiteElo "1633"]
[BlackElo "1942"]
[PlyCount "66"]
[EventDate "2022.04.29"]
[EventType "team-tourn"]
[EventRounds "5"]
[EventCountry "GER"]
[WhiteTeam "Netherlands I"]
[BlackTeam "Italy VI"]
[WhiteTeamCountry "NED"]
[BlackTeamCountry "ITA"]

1. d4 Nf6 2. c4 e5 3. dxe5 Ng4 4. e3 Nxe5 5. Nh3 Bb4+ 6. Bd2 Bxd2+ 7. Qxd2 d6
8. Nf4 Bf5 9. Nc3 g5 10. Nfd5 c6 11. Nb4 a5 12. Nc2 Bxc2 13. Qxc2 Na6 14. Be2
Nc5 15. O-O Qe7 16. Rfd1 O-O 17. Rd2 f5 18. Rad1 Rf6 19. Na4 Ne4 20. Rd4 g4 21.
Nc3 Ng5 22. e4 f4 23. Kh1 Rh6 24. Qd2 f3 25. Rxd6 Rxd6 26. Qxd6 Qxd6 27. Rxd6
fxe2 28. Nxe2 Ngf7 29. Re6 Rd8 30. g3 Rd2 31. Nf4 Nf3 32. Nh5 Rd1+ 33. Kg2 Rg1#
0-1

[Event "Six Nations Cup 26th"]
[Site "Knuellwald"]
[Date "2022.04.29"]
[Round "1.1"]
[White "Mlacnik, Franc"]
[Black "Schellmann, Frank"]
[Result "1/2-1/2"]
[WhiteElo "2001"]
[BlackElo "2055"]
[PlyCount "62"]
[EventDate "2022.04.29"]
[EventType "team-tourn"]
[EventRounds "5"]
[EventCountry "GER"]
[WhiteTeam "Slovenia V"]
[BlackTeam "Germany II"]
[WhiteTeamCountry "SLO"]
[BlackTeamCountry "GER"]

1. d4 Nf6 2. c4 g6 3. Nc3 d5 4. cxd5 Nxd5 5. Bd2 Bg7 6. e4 Nxc3 7. Bxc3 O-O 8.
Ne2 c5 9. dxc5 Nd7 10. Bxg7 Kxg7 11. b4 a5 12. a3 Ne5 13. Ng3 Qc7 14. Be2 Rd8
15. Qc1 b6 16. O-O bxc5 17. bxc5 Ba6 18. Bxa6 Rxa6 19. f4 Nd3 20. Qc3+ f6 21.
Rad1 Rad6 22. e5 Rd4 23. exf6+ exf6 24. f5 Qxc5 25. Qxc5 Nxc5 26. Rxd4 Rxd4 27.
Rc1 Ne4 28. Nxe4 Rxe4 29. fxg6 hxg6 30. Rc5 Ra4 31. Rc3 g5 1/2-1/2

[Event "Six Nations Cup 26th"]
[Site "Knuellwald"]
[Date "2022.04.29"]
[Round "1.2"]
[White "Dobierzin, Olaf"]
[Black "Turicnik, Vlado"]
[Result "1/2-1/2"]
[WhiteElo "2004"]
[BlackElo "1982"]
[PlyCount "102"]
[EventDate "2022.04.29"]
[EventType "team-tourn"]
[EventRounds "5"]
[EventCountry "GER"]
[WhiteTeam "Germany II"]
[BlackTeam "Slovenia V"]
[WhiteTeamCountry "GER"]
[BlackTeamCountry "SLO"]

1. e4 c5 2. Nf3 e6 3. d4 cxd4 4. Nxd4 Nf6 5. Nc3 d6 6. Be2 Be7 7. O-O O-O 8. f4
Nc6 9. Kh1 Nxd4 10. Qxd4 b6 11. Bf3 Bb7 12. Qf2 Rc8 13. e5 Nd5 14. Nxd5 Bxd5
15. Bxd5 exd5 16. exd6 Qxd6 17. Be3 Bf6 18. c3 Rfd8 19. Rad1 Rc4 20. Bd4 h6 21.
Rfe1 Bxd4 22. Rxd4 Qc5 23. Red1 Re8 24. Kg1 Rxd4 25. Rxd4 Qb5 26. Rd2 Re4 27.
g3 Qe8 28. Kf1 Qb5+ 29. Kg2 a5 30. Qf1 Qc6 31. Qf3 Qe6 32. Kf2 f5 33. Qd3 Kh7
34. Re2 g5 35. fxg5 hxg5 36. Rd2 Kg6 37. Re2 Kf6 38. Rxe4 dxe4 39. Qd4+ Kg6 40.
c4 f4 41. b3 Qc6 42. Ke2 e3 43. gxf4 Qg2+ 44. Kxe3 Qh3+ 45. Ke2 Qxh2+ 46. Kf3
Qh1+ 47. Kg3 Qh4+ 48. Kf3 Qh1+ 49. Ke2 Qg2+ 50. Ke3 Qg3+ 51. Ke2 Qg2+ 1/2-1/2

[Event "Six Nations Cup 26th"]
[Site "Knuellwald"]
[Date "2022.04.29"]
[Round "1.3"]
[White "Muri, Emil"]
[Black "Schulz, Gert"]
[Result "1/2-1/2"]
[WhiteElo "1757"]
[BlackElo "1947"]
[PlyCount "64"]
[EventDate "2022.04.29"]
[EventType "team-tourn"]
[EventRounds "5"]
[EventCountry "GER"]
[WhiteTeam "Slovenia V"]
[BlackTeam "Germany II"]
[WhiteTeamCountry "SLO"]
[BlackTeamCountry "GER"]

1. e4 c5 2. Nf3 Nc6 3. Bb5 g6 4. c3 Nf6 5. Qe2 Bg7 6. O-O O-O 7. Rd1 d5 8. e5
Ng4 9. d4 c4 10. Ba4 Bf5 11. Nh4 Nh6 12. Bxh6 Bxh6 13. Nxf5 gxf5 14. Qh5 Bg7
15. Qxf5 e6 16. Qh5 f5 17. Bc2 Qe8 18. Qxe8 Rfxe8 19. Nd2 Rec8 20. Nf3 Bh6 21.
g3 b5 22. a3 a5 23. Rdb1 a4 24. Kg2 Ra7 25. Ng1 Rg7 26. Ne2 Ne7 27. f4 Ng6 28.
Kf3 Kf7 29. Rg1 Rcg8 30. Rae1 Ke7 31. Bd1 Kd7 32. Bc2 Ke7 1/2-1/2

[Event "Six Nations Cup 26th"]
[Site "Knuellwald"]
[Date "2022.04.29"]
[Round "1.4"]
[White "Dyballa, Gerhard"]
[Black "Stimec, Marjan"]
[Result "1-0"]
[WhiteElo "1920"]
[BlackElo "1747"]
[PlyCount "85"]
[EventDate "2022.04.29"]
[EventType "team-tourn"]
[EventRounds "5"]
[EventCountry "GER"]
[WhiteTeam "Germany II"]
[BlackTeam "Slovenia V"]
[WhiteTeamCountry "GER"]
[BlackTeamCountry "SLO"]

1. c4 Nf6 2. Nc3 c5 3. g3 Nc6 4. Bg2 g6 5. Nf3 Bg7 6. O-O O-O 7. d4 cxd4 8.
Nxd4 a6 9. Nc2 d6 10. h3 Bd7 11. Ne3 Rb8 12. a4 Nb4 13. Qb3 a5 14. Bd2 Na6 15.
Nb5 Bc6 16. Nd5 e6 17. Nxf6+ Bxf6 18. Rfd1 Nc5 19. Qc2 Bxb5 20. axb5 b6 21. Bc3
Qe7 22. Bxf6 Qxf6 23. Rxd6 Rfd8 24. Rad1 Rxd6 25. Rxd6 Qe5 26. Qd1 Kf8 27. Rxb6
Ke7 28. Rxb8 Qxb8 29. Qd4 Qc7 30. Qh4+ Kf8 31. Qxh7 Qe5 32. Qh6+ Ke7 33. Qd2
Qc7 34. b4 axb4 35. Qxb4 Qb6 36. h4 f5 37. Qc3 Kf7 38. Qd4 Qc7 39. Qh8 Qb6 40.
Bc6 Qa5 41. Qe8+ Kg7 42. Qe7+ Kh6 43. Qxc5 1-0

[Event "Six Nations Cup 26th"]
[Site "Knuellwald"]
[Date "2022.04.29"]
[Round "1.1"]
[White "Magnusson, Jorgen"]
[Black "Thevenet, Yann"]
[Result "1-0"]
[WhiteElo "2277"]
[BlackElo "1981"]
[PlyCount "37"]
[EventDate "2022.04.29"]
[EventType "team-tourn"]
[EventRounds "5"]
[EventCountry "GER"]
[WhiteTeam "Sweden IV"]
[BlackTeam "France III"]
[WhiteTeamCountry "SWE"]
[BlackTeamCountry "FRA"]

1. f4 e5 2. fxe5 d6 3. Nf3 Bg4 4. exd6 Bxd6 5. e4 Nc6 6. Bb5 Nge7 7. O-O O-O 8.
c3 Ng6 9. d4 Bxf3 10. Qxf3 f5 11. e5 Ncxe5 12. dxe5 Nxe5 13. Qg3 Ng4 14. Bf4
Bc5+ 15. Kh1 c6 16. Bc4+ Kh8 17. Nd2 Qb6 18. h3 Ne3 19. Be5 1-0

[Event "Six Nations Cup 26th"]
[Site "Knuellwald"]
[Date "2.04.29"]
[Round "1.2"]
[White "Deville, Olivier"]
[Black "Johansson, William"]
[Result "0-1"]
[WhiteElo "1764"]
[BlackElo "1984"]
[Annotator "Frank"]
[PlyCount "42"]
[EventDate "2022.04.29"]
[EventType "team-tourn"]
[EventRounds "5"]
[EventCountry "GER"]
[WhiteTeam "France III"]
[BlackTeam "Sweden IV"]
[WhiteTeamCountry "FRA"]
[BlackTeamCountry "SWE"]

{[%evp 0,42,35,30,23,-3,27,-11,-8,-2,-11,-21,32,32,38,32,36,36,62,62,70,78,49,
54,76,92,77,78,93,18,28,35,35,19,47,55,60,70,101,-105,-119,-169,-190,-379,-333]
} 1. d4 Nf6 2. c4 c5 3. Nf3 cxd4 4. Nxd4 e5 5. Nb5 d5 6. cxd5 Bc5 7. e3 O-O 8.
N5c3 a6 9. Be2 b5 10. a3 Bb7 11. O-O Nbd7 12. b4 Ba7 13. Bb2 Nb6 14. Nd2 Nbxd5
15. Nxd5 Nxd5 16. Nf3 f6 17. Qb3 Kh8 18. Rfd1 Rc8 19. e4 Qb6 20. Rf1 Nf4 21.
Qd1 Rfd8 0-1

[Event "Six Nations Cup 26th"]
[Site "Knuellwald"]
[Date "2022.04.29"]
[Round "1.3"]
[White "Johansson, Tage"]
[Black "Meyer, Eric"]
[Result "1-0"]
[WhiteElo "1877"]
[BlackElo "1633"]
[PlyCount "93"]
[EventDate "2022.04.29"]
[EventType "team-tourn"]
[EventRounds "5"]
[EventCountry "GER"]
[WhiteTeam "Sweden IV"]
[BlackTeam "France III"]
[WhiteTeamCountry "SWE"]
[BlackTeamCountry "FRA"]

{[%evp 0,93,19,38,75,73,85,92,86,81,85,52,50,19,15,18,11,-7,39,7,33,34,46,0,58,
44,78,79,78,32,79,73,92,91,48,59,118,126,126,126,149,140,135,134,130,47,86,37,
37,-20,13,-12,61,-10,89,88,183,213,241,256,271,270,317,281,361,218,508,577,612,
375,356,338,436,448,464,469,487,360,377,372,373,390,394,424,434,378,411,358,
376,388,605,360,942,947,29997,29998]} 1. e4 d6 2. d4 Nf6 3. Nc3 g6 4. Bg5 c6 5.
Qd2 Nbd7 6. Bh6 Bxh6 7. Qxh6 Qa5 8. f3 Qh5 9. Qe3 a6 10. Nge2 Nb6 11. d5 Nfd7
12. O-O-O c5 13. Ng3 Qh4 14. f4 Qh6 15. Kb1 Ne5 16. Qf2 Ng4 17. Qf3 Qh4 18. h3
Nh6 19. e5 O-O 20. Nge4 Nf5 21. g3 Qh6 22. Bg2 Nd4 23. Qd3 Bf5 24. g4 Bxe4 25.
Qxe4 Rfe8 26. h4 Qg7 27. h5 g5 28. h6 Qf8 29. fxg5 dxe5 30. Qxe5 f6 31. Qf4 Qf7
32. d6 fxg5 33. Qxg5+ Qg6 34. Qxg6+ hxg6 35. Bxb7 exd6 36. Bxa8 Rxa8 37. Ne4
Nc4 38. Nf6+ Kh8 39. c3 Nf3 40. Ne4 Rd8 41. Rh3 Nfe5 42. Ng5 Rd7 43. Re1 a5 44.
b3 Nb6 45. Rf1 Kg8 46. h7+ Kh8 47. Rf8+ 1-0

[Event "Six Nations Cup 26th"]
[Site "Knuellwald"]
[Date "2022.04.29"]
[Round "1.4"]
[White "Ambrosino, Theo"]
[Black "Vukovic, Dobrivoje"]
[Result "1/2-1/2"]
[WhiteElo "1570"]
[BlackElo "1584"]
[PlyCount "48"]
[EventDate "2022.04.29"]
[EventType "team-tourn"]
[EventRounds "5"]
[EventCountry "GER"]
[WhiteTeam "France III"]
[BlackTeam "Sweden IV"]
[WhiteTeamCountry "FRA"]
[BlackTeamCountry "SWE"]

1. c4 c5 2. Nc3 Nf6 3. g3 e6 4. e3 d5 5. cxd5 Nxd5 6. Bg2 Be7 7. Nge2 O-O 8.
O-O Na6 9. a3 Nac7 10. Rb1 Rb8 11. Qc2 b6 12. Rd1 Ba6 13. d3 Bb7 14. Bd2 Nxc3
15. Bxc3 Bxg2 16. Kxg2 Nd5 17. d4 Qc7 18. Rbc1 Qb7 19. Kg1 Rbc8 20. dxc5 Bxc5
21. Qe4 Qa8 22. Qg4 g6 23. Rd3 Nxc3 24. Rcxc3 Be7 1/2-1/2

[Event "Six Nations Cup 26th"]
[Site "Knuellwald"]
[Date "2022.04.29"]
[Round "2.1"]
[White "Harnandan, Sergio"]
[Black "Thevenet, Yann"]
[Result "1/2-1/2"]
[WhiteElo "1888"]
[BlackElo "1981"]
[PlyCount "34"]
[EventDate "2022.04.29"]
[EventType "team-tourn"]
[EventRounds "5"]
[EventCountry "GER"]
[WhiteTeam "Netherlands I"]
[BlackTeam "France III"]
[WhiteTeamCountry "NED"]
[BlackTeamCountry "FRA"]

1. d4 e5 2. e4 exd4 3. Nf3 Nc6 4. Bc4 Bc5 5. c3 dxc3 6. Bxf7+ Kxf7 7. Qd5+ Kf8
8. Qxc5+ d6 9. Qxc3 Bg4 10. Bg5 Qe8 11. Nbd2 h6 12. Bh4 Bxf3 13. gxf3 Qe5 14.
Qb3 Rb8 15. Rc1 Nge7 16. O-O g5 17. Bg3 Qf6 1/2-1/2

[Event "Six Nations Cup 26th"]
[Site "Knuellwald"]
[Date "2022.04.29"]
[Round "2.2"]
[White "Deville, Olivier"]
[Black "De Jong, Lucas"]
[Result "1/2-1/2"]
[WhiteElo "1764"]
[BlackElo "1633"]
[PlyCount "61"]
[EventDate "2022.04.29"]
[EventType "team-tourn"]
[EventRounds "5"]
[EventCountry "GER"]
[WhiteTeam "France III"]
[BlackTeam "Netherlands I"]
[WhiteTeamCountry "FRA"]
[BlackTeamCountry "NED"]

1. d4 Nf6 2. c4 e6 3. Nf3 Bb4+ 4. Nbd2 O-O 5. a3 Bxd2+ 6. Bxd2 d5 7. g3 c6 8.
Qc2 Nbd7 9. Bg2 Re8 10. O-O dxc4 11. Qxc4 h6 12. b4 e5 13. dxe5 Nxe5 14. Nxe5
Rxe5 15. Bf4 Re8 16. Rfd1 Qe7 17. e3 Be6 18. Qc5 Qxc5 19. bxc5 Bf5 20. Rd4 Rad8
21. Rad1 Rxd4 22. Rxd4 Ne4 23. Bxe4 Rxe4 24. f3 Rxd4 25. exd4 Kf8 26. Kf2 Ke7
27. Ke3 Ke6 28. g4 Bc2 29. h4 f5 30. g5 hxg5 31. hxg5 1/2-1/2

[Event "Six Nations Cup 26th"]
[Site "Knuellwald"]
[Date "2022.04.29"]
[Round "2.3"]
[White "Boer, Jan"]
[Black "Meyer, Eric"]
[Result "1-0"]
[WhiteElo "1666"]
[BlackElo "1633"]
[PlyCount "73"]
[EventDate "2022.04.29"]
[EventType "team-tourn"]
[EventRounds "5"]
[EventCountry "GER"]
[WhiteTeam "Netherlands I"]
[BlackTeam "France III"]
[WhiteTeamCountry "NED"]
[BlackTeamCountry "FRA"]

1. d4 Nf6 2. c4 c5 3. d5 e6 4. Nc3 exd5 5. cxd5 d6 6. e4 g6 7. h3 Bg7 8. Nf3
O-O 9. Nd2 Re8 10. Be2 Nbd7 11. O-O a6 12. a4 Qc7 13. f4 Re7 14. Bf3 Rb8 15.
Nc4 Ne8 16. Bd2 b5 17. axb5 axb5 18. Na5 b4 19. Nc6 bxc3 20. Nxe7+ Kf8 21.
Nxg6+ hxg6 22. Bxc3 Bxc3 23. bxc3 Nb6 24. Qc2 Ng7 25. Rae1 Nc4 26. Qa2 Nb6 27.
e5 c4 28. Qd2 Na4 29. Qd4 Nb2 30. e6 fxe6 31. Qf6+ Kg8 32. Qxg6 e5 33. Be4 Nd3
34. fxe5 Qc5+ 35. Kh2 Nf2 36. Qh7+ Kf8 37. Re2 1-0

[Event "Six Nations Cup 26th"]
[Site "Knuellwald"]
[Date "2022.04.29"]
[Round "2.4"]
[White "Ambrosino, Theo"]
[Black "Makkinje, Jeroen"]
[Result "1/2-1/2"]
[WhiteElo "1570"]
[BlackElo "1356"]
[PlyCount "87"]
[EventDate "2022.04.29"]
[EventType "team-tourn"]
[EventRounds "5"]
[EventCountry "GER"]
[WhiteTeam "France III"]
[BlackTeam "Netherlands I"]
[WhiteTeamCountry "FRA"]
[BlackTeamCountry "NED"]

1. c4 c5 2. Nc3 e6 3. e3 Nf6 4. g3 d5 5. cxd5 exd5 6. d4 Nc6 7. Bg2 Be6 8. dxc5
Bxc5 9. Nge2 Qd7 10. O-O Rd8 11. a3 a5 12. Nf4 d4 13. Nxe6 Qxe6 14. Nb5 O-O 15.
exd4 Bxd4 16. Qf3 Rd7 17. Bf4 Ne5 18. Bxe5 Qxe5 19. Nxd4 Qxd4 20. Rab1 b6 21.
Rfd1 Qc5 22. Rxd7 Nxd7 23. Qc6 Qxc6 24. Bxc6 Nf6 25. b4 Rc8 26. bxa5 bxa5 27.
Rb5 g6 28. Bg2 Rc1+ 29. Bf1 Ne4 30. Rxa5 Nd2 31. Rd5 Rxf1+ 32. Kg2 Ra1 33. Rxd2
Rxa3 34. Rd8+ Kg7 35. f4 Ra2+ 36. Kh3 Ra3 37. Rd7 h5 38. Rd5 Rb3 39. Kh4 Rb2
40. h3 Rb4 41. Rd7 Ra4 42. Kg5 Ra5+ 43. Kh4 Ra4 44. Rc7 1/2-1/2

[Event "Six Nations Cup 26th"]
[Site "Knuellwald"]
[Date "2022.04.29"]
[Round "2.1"]
[White "Schellmann, Frank"]
[Black "Magnusson, Jorgen"]
[Result "0-1"]
[WhiteElo "2055"]
[BlackElo "2277"]
[PlyCount "94"]
[EventDate "2022.04.29"]
[EventType "team-tourn"]
[EventRounds "5"]
[EventCountry "GER"]
[WhiteTeam "Germany II"]
[BlackTeam "Sweden IV"]
[WhiteTeamCountry "GER"]
[BlackTeamCountry "SWE"]

1. e4 c6 2. d4 d5 3. e5 Bf5 4. Nf3 e6 5. Be2 Nd7 6. O-O h6 7. Nbd2 Ne7 8. Nb3
Qc7 9. a4 g5 10. Ne1 O-O-O 11. a5 a6 12. Nd3 Ng6 13. Bh5 Rg8 14. Be3 Be7 15.
Re1 Kb8 16. Ra4 Bxd3 17. Qxd3 c5 18. Bxg6 c4 19. Qc3 Rxg6 20. Nd2 Qc6 21. Rea1
Rc8 22. Nf1 f5 23. exf6 Nxf6 24. Qe1 h5 25. Bd2 Bd6 26. Bb4 Bc7 27. R4a3 Re8
28. b3 e5 29. bxc4 exd4 30. cxd5 Nxd5 31. Qd2 Bf4 32. Qxd4 Be5 33. Qc5 Nxb4 34.
Qxb4 Bxa1 35. Rxa1 Qxc2 36. Ne3 Qe4 37. Qc5 Rc8 38. Qd5 Qxd5 39. Nxd5 Rgc6 40.
Kf1 Rc1+ 41. Rxc1 Rxc1+ 42. Ke2 Ra1 43. Nf6 h4 44. Kf3 Rxa5 45. Kg4 Rb5 46. Ne4
a5 47. Nxg5 a4 0-1

[Event "Six Nations Cup 26th"]
[Site "Knuellwald"]
[Date "2022.04.29"]
[Round "2.2"]
[White "Johansson, William"]
[Black "Dobierzin, Olaf"]
[Result "0-1"]
[WhiteElo "1984"]
[BlackElo "2004"]
[PlyCount "84"]
[EventDate "2022.04.29"]
[EventType "team-tourn"]
[EventRounds "5"]
[EventCountry "GER"]
[WhiteTeam "Sweden IV"]
[BlackTeam "Germany II"]
[WhiteTeamCountry "SWE"]
[BlackTeamCountry "GER"]

1. d4 Nf6 2. Nc3 d5 3. Bf4 g6 4. e3 Bg7 5. Be2 O-O 6. h4 h5 7. Nf3 b6 8. O-O
Bb7 9. a4 c5 10. a5 bxa5 11. Na4 Ne4 12. c3 Nd7 13. Ng5 cxd4 14. Nxe4 dxe4 15.
cxd4 e5 16. Bg5 Bf6 17. Bxf6 Qxf6 18. dxe5 Nxe5 19. Nc5 Rfd8 20. Qb1 Bc6 21.
Nxe4 Qxh4 22. f3 Bxe4 23. Qxe4 Qxe4 24. fxe4 Rd2 25. Rf2 Rc8 26. Rxa5 Rc1+ 27.
Rf1 Rcc2 28. Rxe5 Rxe2 29. Rf3 Rxg2+ 30. Kf1 Rgd2 31. Ke1 Rh2 32. Kd1 Rxb2 33.
Kc1 Ra2 34. Kb1 Raf2 35. Rxf2 Rxf2 36. Re8+ Kg7 37. Re7 Kf6 38. Rxa7 h4 39. Ra8
Kg7 40. e5 h3 41. Ra4 h2 42. Rh4 Rf1+ 0-1

[Event "Six Nations Cup 26th"]
[Site "Knuellwald"]
[Date "2022.04.29"]
[Round "2.4"]
[White "Gransmark, Patrik"]
[Black "Dyballa, Gerhard"]
[Result "1/2-1/2"]
[WhiteElo "1659"]
[BlackElo "1920"]
[PlyCount "24"]
[EventDate "2022.04.29"]
[EventType "team-tourn"]
[EventRounds "5"]
[EventCountry "GER"]
[WhiteTeam "Sweden IV"]
[BlackTeam "Germany II"]
[WhiteTeamCountry "SWE"]
[BlackTeamCountry "GER"]

1. Nf3 d5 2. d4 c5 3. c4 cxd4 4. cxd5 Nf6 5. Qxd4 Qxd5 6. Qxd5 Nxd5 7. e4 Nb4
8. Na3 Bd7 9. Bd2 N8c6 10. Be2 e5 11. O-O Be7 12. Rfd1 O-O-O 1/2-1/2

[Event "Six Nations Cup 26th"]
[Site "Knuellwald"]
[Date "2022.04.29"]
[Round "2.1"]
[White "Casadei, Marco"]
[Black "Mlacnik, Franc"]
[Result "1/2-1/2"]
[WhiteElo "1968"]
[BlackElo "2001"]
[PlyCount "118"]
[EventDate "2022.04.29"]
[EventType "team-tourn"]
[EventRounds "5"]
[EventCountry "GER"]
[WhiteTeam "Italy VI"]
[BlackTeam "Slovenia V"]
[WhiteTeamCountry "ITA"]
[BlackTeamCountry "SLO"]

1. e4 d6 2. d4 Nf6 3. Nc3 c6 4. f4 Qa5 5. Bd3 e5 6. Nf3 Bg4 7. fxe5 dxe5 8.
dxe5 Nfd7 9. Bf4 Bb4 10. Qd2 Bxf3 11. gxf3 Nxe5 12. Bxe5 Qxe5 13. a3 Be7 14.
O-O g5 15. Kh1 Nd7 16. Bc4 Nb6 17. Bb3 Rd8 18. Qg2 Bd6 19. Rad1 h5 20. Ne2 Qxb2
21. Qxg5 Qe5 22. Qxe5+ Bxe5 23. Rxd8+ Kxd8 24. Bxf7 Ke7 25. Bb3 a5 26. f4 Bd6
27. a4 Nd7 28. Ng3 Bc5 29. Rd1 Nb6 30. e5 Rf8 31. Nxh5 Rf5 32. Nf6 Rxf4 33. Kg2
Rd4 34. Rxd4 Bxd4 35. Ng8+ Kf8 36. e6 Nd5 37. Nh6 Be5 38. Nf5 Ne7 39. Ne3 b5
40. h4 Kg7 41. Kf3 Bb2 42. Ke4 bxa4 43. Bxa4 Kf6 44. Bb3 a4 45. Bxa4 Kxe6 46.
h5 Kf6 47. Bb3 Kg5 48. Bf7 Kf6 49. Be8 Kg5 50. Nc4 Bh8 51. Ne5 Bf6 52. c4 Bg7
53. Nf3+ Kf6 54. c5 Bh6 55. Ne5 Bg7 56. Nxc6 Nxc6 57. Bxc6 Bf8 58. Kd5 Bxc5 59.
Kxc5 Kg7 1/2-1/2

[Event "Six Nations Cup 26th"]
[Site "Knuellwald"]
[Date "2022.04.29"]
[Round "2.3"]
[White "Badano, Giancarlo"]
[Black "Stimec, Marjan"]
[Result "0-1"]
[WhiteElo "1855"]
[BlackElo "1747"]
[PlyCount "97"]
[EventDate "2022.04.29"]
[EventType "team-tourn"]
[EventRounds "5"]
[EventCountry "GER"]
[WhiteTeam "Italy VI"]
[BlackTeam "Slovenia"]
[WhiteTeamCountry "ITA"]
[BlackTeamCountry "SLO"]
[TimeControl "5400+30"]

1. e4 c5 2. Nc3 g6 3. g3 Bg7 4. Bg2 Nc6 5. f4 d6 6. Nf3 Nf6 7. O-O O-O 8. d3
Nd4 9. Ne2 Nxf3+ 10. Bxf3 Ng4 11. c3 e5 12. h3 Nf6 13. g4 Qe7 14. f5 Nd7 15.
Ng3 f6 16. h4 Qf7 17. Be3 b6 18. c4 Nb8 19. Qd2 Nc6 20. Kh2 Kh8 21. Rg1 Nd4 22.
Bxd4 cxd4 23. b4 Qe7 24. h5 g5 25. Rgc1 Bb7 26. Bd1 Rfc8 27. Bb3 h6 28. Ne2 Bf8
29. a4 d5 30. cxd5 Qxb4 31. Qxb4 Bxb4 32. Rxc8+ Rxc8 33. Rc1 Rxc1 34. Nxc1 Kg7
35. Kg2 Kf8 36. Kf2 Ke7 37. Ke2 Kd6 38. Kd1 Kc5 39. Kc2 a6 40. Na2 Ba5 41. Kb2
Be1 42. Bc2 Ba5 43. Kb3 Bd2 44. Ka3 Ba5 45. Kb3 b5 46. axb5 Kxb5 47. Kb2 Bc7
48. Ka3 a5 49. Nc1 0-1

[Event "Six Nations Cup 26th"]
[Site "Knuellwald"]
[Date "2022.04.30"]
[Round "3.1"]
[White "Mlacnik, Franc"]
[Black "Harnandan, Sergio"]
[Result "1-0"]
[WhiteElo "2001"]
[BlackElo "1888"]
[PlyCount "75"]
[EventDate "2022.04.29"]
[EventType "team-tourn"]
[EventRounds "5"]
[EventCountry "GER"]
[WhiteTeam "Slovenia V"]
[BlackTeam "Netherlands I"]
[WhiteTeamCountry "SLO"]
[BlackTeamCountry "NED"]

1. e4 g6 2. d4 d6 3. Nc3 Bg7 4. Be3 c6 5. Qd2 b5 6. Bd3 Nd7 7. Nf3 a6 8. Rd1
Bb7 9. O-O h6 10. Rfe1 Rc8 11. b4 Qc7 12. a3 Kf8 13. Bf1 e6 14. Bf4 Ne7 15. Bg3
Kg8 16. Qf4 e5 17. dxe5 Nxe5 18. Nxe5 Bxe5 19. Qe3 Kh7 20. f4 Bg7 21. f5 Be5
22. Bxe5 dxe5 23. Qc5 Rhd8 24. g4 gxf5 25. exf5 f6 26. Ne4 Kg7 27. c4 bxc4 28.
Bxc4 Nd5 29. a4 Nxb4 30. Qxb4 Rxd1 31. Rxd1 c5 32. Qb1 Bc6 33. Qc2 Rb8 34. Nxc5
Qb6 35. Qf2 Qb4 36. Nxa6 Qxc4 37. Nxb8 Bxa4 38. Qa7+ 1-0

[Event "Six Nations Cup 26th"]
[Site "Knuellwald"]
[Date "2022.04.30"]
[Round "3.2"]
[White "De Jong, Lucas"]
[Black "Muri, Emil"]
[Result "1/2-1/2"]
[WhiteElo "1633"]
[BlackElo "1757"]
[PlyCount "59"]
[EventDate "2022.04.29"]
[EventType "team-tourn"]
[EventRounds "5"]
[EventCountry "GER"]
[WhiteTeam "Netherlands I"]
[BlackTeam "Slovenia V"]
[WhiteTeamCountry "NED"]
[BlackTeamCountry "SLO"]

1. d4 Nf6 2. c4 d6 3. Nc3 g6 4. e4 Bg7 5. f3 e5 6. Nge2 O-O 7. Bg5 h6 8. Be3 c6
9. Qd2 Kh7 10. O-O-O Qa5 11. Kb1 b5 12. cxb5 cxb5 13. Nd5 Qxd2 14. Nxf6+ Bxf6
15. Rxd2 a6 16. Nc3 Nd7 17. Nd5 Bd8 18. dxe5 dxe5 19. Be2 Kg7 20. Rc1 Rb8 21.
Nc7 Nf6 22. a4 bxa4 23. Nxa6 Bxa6 24. Bxa6 Bb6 25. Bxb6 Rxb6 26. Bc4 Rfb8 27.
Rc3 Rb4 28. Ba2 R8b7 29. Rc4 Rb8 30. Rc3 1/2-1/2

[Event "Six Nations Cup 26th"]
[Site "Knuellwald"]
[Date "2022.04.30"]
[Round "3.3"]
[White "Stimec, Marjan"]
[Black "Gundogmus, Alaettin"]
[Result "1-0"]
[WhiteElo "1747"]
[BlackElo "1588"]
[PlyCount "107"]
[EventDate "2022.04.29"]
[EventType "team-tourn"]
[EventRounds "5"]
[EventCountry "GER"]
[WhiteTeam "Slovenia V"]
[BlackTeam "Netherlands I"]
[WhiteTeamCountry "SLO"]
[BlackTeamCountry "NED"]

1. e4 c5 2. Nf3 Nc6 3. d4 cxd4 4. Nxd4 e5 5. Nb3 Nf6 6. f3 Be7 7. Be3 b6 8. a3
h6 9. Nc3 O-O 10. Qd2 Nh7 11. O-O-O Bg5 12. Kb1 Bxe3 13. Qxe3 Kh8 14. h4 a6 15.
g4 f6 16. Bd3 a5 17. Bb5 Bb7 18. Na4 Rb8 19. Rd6 Qc7 20. Rhd1 Rf7 21. Qxb6 Qxb6
22. Nxb6 Nf8 23. Nxd7 Nxd7 24. Rxd7 Rxd7 25. Rxd7 Nd4 26. Nxd4 exd4 27. Rxd4
Bxe4 28. Rxe4 Rxb5 29. h5 f5 30. Rd4 Kg8 31. b4 axb4 32. axb4 fxg4 33. fxg4 Kf7
34. Kb2 Ke6 35. Kb3 Ke5 36. Rc4 Rb7 37. Rc6 Kd5 38. Rc5+ Ke4 39. Rf5 Rb6 40.
Rf7 g6 41. c4 gxh5 42. gxh5 Ke5 43. b5 Ke6 44. Rg7 Ke5 45. Kb4 Kd4 46. Rg6 Rb8
47. Rd6+ Ke5 48. Rxh6 Kd4 49. Rd6+ Ke5 50. Rc6 Kd4 51. h6 Rb7 52. b6 Rh7 53.
Kb5 Ke5 54. Ka6 1-0